Gaming Quiz

Random Gaming Quiz
Score 0/81 Timer 10:00
0 Plays Today
Hint Answer % Correct
North LSVinewood
77.2%
Blaine CountySandy Shores
65.7%
Blaine CountyPaleto Bay
60.6%
South LSStrawberry
60%
West LSVespucci Beach
55.6%
North LSRockford Hills
55.6%
Central LSDowntown
55.2%
North LSVinewood Hills
54.1%
South LSDavis
49.8%
South LSLos Santos International Airport
49.5%
LS CountyChumash
49.5%
Blaine CountyGrapeseed
49.5%
West LSDel Perro
47.3%
Blaine CountyMount Chiliad
46.5%
Blaine CountyFort Zancudo
42.1%
West LSLa Puerta
41.5%
North LSWest Vinewood
39.5%
North LSEast Vinewood
39.4%
West LSLittle Seoul
39.2%
Blaine CountyMount Gordo
38.7%
Central LSPillbox Hill
38.4%
Blaine CountyNorth Chumash
37%
South LSElysian Island
36.8%
North LSRichman
36.4%
East LSLa Mesa
35.8%
Blaine CountyGrand Senora Desert
34.8%
East LSMirror Park
34.7%
Hint Answer % Correct
Blaine CountyAlamo Sea
34.4%
North LSMorningwood
33.7%
West LSDel Perro Beach
33.1%
East LSMurrieta Heights
32.8%
South LSTerminal
32.7%
East LSEl Burro Heights
32.1%
Blaine CountyLago Zancudo
31.9%
West LSVespucci Canals
31.8%
South LSChamberlain Hills
31.6%
Blaine CountyPaleto Forest
31.5%
North LSDowntown Vinewood
29.8%
LS CountyTongva Hills
29.8%
North LSAlta
29.7%
South LSRancho
29.3%
LS CountyPacific Bluffs
29.1%
North LSHawick
28.8%
North LSBurton
28%
East LSCypress Flats
27.8%
Central LSMission Row
27.5%
South LSBanning
26.8%
Blaine CountyStab City
26.5%
Blaine CountyPaleto Cove
26.1%
South LSMaze Bank Arena
25.3%
Central LSTextile City
25.3%
North LSRichards Majestic
25%
LS CountyBanham Canyon
24.7%
LS CountyN.O.O.S.E
24.6%
Hint Answer % Correct
Blaine CountyZancudo River
24.4%
Blaine CountyChiliad Mountain State Wilderness
24.2%
Blaine CountyRaton Canyon
24.1%
LS CountyTataviam Mountains
23.6%
LS CountyGreat Chaparral
23.2%
South LSPort of South Los Santos
23%
LS CountyPalomino Highlands
22.7%
LS CountyBolingbroke Penitentiary
22.4%
Blaine CountyMount Joshia
21%
North LSGWC and Golfing Society
20.7%
Blaine CountyBraddock Pass
20.6%
Blaine CountyCassidy Creek
20.4%
North LSVinewood Racetrack
20.2%
LS CountyRichman Glen
20.2%
Blaine CountySan Chianski Mountain Range
19.9%
Blaine CountyGalilee
19.9%
LS CountyLand Act Reservoir
19.4%
LS CountyLand Act Dam
19%
LS CountyRedwood Lights Track
18.9%
LS CountyRon Alternatives Wind Farm
18.5%
LS CountyPalmer Taylor Power Station
18.4%
Blaine CountyDavis Quartz
18.4%
Blaine CountyHumane Labs and Research
18.4%
Blaine CountyEl Gordo Lighthouse
18.3%
Blaine CountyCalafia Bridge
15.4%
LS CountyBanham Canyon Drive
15.3%
Blaine CountyPrcopio Beach
15.3%
Remove Ads.
Support Sporcle.
Get the best of Sporcle when you Go Orange. This ad-free experience offers more features, more stats, and more fun while also helping to support Sporcle. Thank you for becoming a member.

You're not logged in!

Compare scores with friends on all Sporcle quizzes.
OR
Log In

You Might Also Like...

Show Comments

Extras

Created Aug 6, 2014ReportNominate
Tags:Grand Theft Auto, GTA

Top Quizzes Today


Score Distribution

Your Account Isn't Verified!

In order to create a playlist on Sporcle, you need to verify the email address you used during registration. Go to your Sporcle Settings to finish the process.

Report this User

Report this user for behavior that violates our Community Guidelines.

Details: